Statistiques concernant Doubs

Cliquez ici pour prendre le quiz!

Statistiques générales

  • Ce quiz a été pris 27 fois
  • Le résultat moyen est 7 sur 20

Statistiques - réponses

PopulationCommunes% Correct
119 198Besançon
96%
17 849Pontarlier
83%
25 573Montbéliard
65%
6 867Morteau
61%
13 944Audincourt
48%
4 991Baume-les-Dames
48%
4 422Ornans
48%
5 724Valdahon
43%
4 244Maîche
35%
3 795Sochaux
26%
4 986Saint-Vit
22%
10 765Valentigney
22%
5 308Bethoncourt
17%
4 731Mandeure
17%
5 228Villers-le-Lac
17%
3 715Étupes
9%
5 857Grand-Charmont
9%
4 030Pont-de-Roide-Vermondans
9%
5 784Seloncourt
9%
3 585Bavans
4%

Distribution des résultats

Percentile par nombre de réponses

% des personnes avec chaque résultat

Votre développement - résultats

Vous n’avez pas pris ce quiz